| 000 | 00870nam a22002057a 4500 | ||
|---|---|---|---|
| 999 |
_c3228 _d3228 |
||
| 003 | AR-CdUCM | ||
| 008 | 190306b ||||| |||| 00| 0 spa d | ||
| 040 |
_aMUNICIPALIDAD PROVINCIAL DEL CUSCO _cBIBLIOTECA MUNICIPAL DEL CUSCO |
||
| 082 |
_22ed. _a980.03 / _bAR68 |
||
| 100 |
_aArcienagas, Germán _910803 |
||
| 245 |
_aEl caballero de El Dorado : _bvida del conquistador Jiménez de Quesada / |
||
| 260 |
_aBuenos Aires : _bEdit. Losada, _c1950. |
||
| 300 |
_a240 páginas ; _c18 cm. |
||
| 505 | _aEn la ciudad vagabunda y aventurera -- Europa o el paraíso de los locos -- Historia de dos capitalistas y un licenciado - Náufragos en la tierra y en el mar -- De justicia mayor a capitán de alzados... | ||
| 650 |
_aColombia _9140 |
||
| 650 |
_aConquistadores españoles _94370 |
||
| 650 |
_aJimenez de Quesada, Gonzalo _910804 |
||
| 942 |
_2ddc _cLIBROS |
||
| 945 | _admma | ||